[Event "27th 4NCL Congress"]
[Site "The Old Swan Harrogate, Swan R"]
[Date "2022.01.21"]
[Round "1.10"]
[White "Meredith, Daniel"]
[Black "Belinger, John"]
[Result "0-1"]
[WhiteElo "1440"]
[BlackElo "1647"]
[PlyCount "52"]
[EventDate "2022.01.21"]

1. e4 c5 2. d4 cxd4 3. c3 Nf6 4. e5 Nd5 5. cxd4 d6 6. Nf3 Nc6 7. Bc4 Nb6 8. Bb3
dxe5 9. dxe5 Qxd1+ 10. Bxd1 Bf5 11. Nc3 e6 12. O-O Be7 13. Be3 Nc4 14. Bc1
N4xe5 15. Bf4 Nxf3+ 16. Bxf3 O-O 17. Rfe1 Bf6 18. Rac1 Rfd8 19. b3 g5 20. Bg3
g4 21. Bxc6 bxc6 22. Ne4 Bb2 23. Rb1 Ba3 24. Nf6+ Kg7 25. Nh5+ Kh6 26. Nf4 Bxb1
0-1

[Event "27th 4NCL Congress"]
[Site "The Old Swan Harrogate, Swan R"]
[Date "2022.01.21"]
[Round "1.12"]
[White "Cockerill, Martin K"]
[Black "Buckell, David J"]
[Result "0-1"]
[WhiteElo "1412"]
[BlackElo "1626"]
[PlyCount "64"]
[EventDate "2022.01.21"]

1. d4 d6 2. c4 Nf6 3. Nc3 g6 4. Nf3 Bg7 5. e3 Nbd7 6. Be2 e5 7. Qc2 c6 8. O-O
O-O 9. a4 Qc7 10. Ne4 Re8 11. Ng3 Nf8 12. b3 a5 13. Bb2 Bd7 14. Rfe1 exd4 15.
Bxd4 Ne6 16. Bb2 Nc5 17. Nd4 Ne6 18. Rad1 Rac8 19. Nf3 Rcd8 20. Rd2 Bc8 21.
Red1 Nc5 22. Qc3 Nh5 23. Qc2 Nxg3 24. Bxg7 Nxe2+ 25. Rxe2 Kxg7 26. Qb2+ Kg8 27.
Rd4 Qe7 28. Rh4 Ne4 29. Qd4 d5 30. cxd5 Rxd5 31. Qa1 Qf6 32. Qb1 Nc3 0-1

[Event "27th 4NCL Congress"]
[Site "The Old Swan Harrogate, Swan R"]
[Date "2022.01.21"]
[Round "1.13"]
[White "Hollyman, Mike"]
[Black "Foy, Jeff"]
[Result "1/2-1/2"]
[WhiteElo "1598"]
[BlackElo "1409"]
[PlyCount "44"]
[EventDate "2022.01.21"]

1. c4 Nf6 2. Nc3 e5 3. g3 Nc6 4. Bg2 Be7 5. e3 O-O 6. Nge2 b6 7. O-O Bb7 8. d4
Rb8 9. d5 Na5 10. b3 Ba8 11. f4 exf4 12. Nxf4 Re8 13. Nh5 g6 14. Nxf6+ Bxf6 15.
Qc2 Nb7 16. Rf3 Nd6 17. Rb1 a6 18. Bd2 Qe7 19. Rbf1 Bg5 20. e4 Bxd2 21. Qxd2
Rf8 22. Re1 Rbe8 1/2-1/2

[Event "27th 4NCL Congress"]
[Site "The Old Swan Harrogate, Swan R"]
[Date "2022.01.21"]
[Round "1.14"]
[White "Mildenhall, Steven"]
[Black "Weller, Colin"]
[Result "1-0"]
[WhiteElo "1386"]
[BlackElo "1598"]
[PlyCount "61"]
[EventDate "2022.01.21"]

1. c4 d6 2. d4 Nd7 3. Nc3 e5 4. Nf3 Ngf6 5. e4 Be7 6. Bd3 c6 7. O-O Qc7 8. b3
a6 9. Qc2 b6 10. Bb2 Bb7 11. Rac1 Rc8 12. Qe2 Ra8 13. b4 O-O 14. b5 exd4 15.
Nxd4 axb5 16. cxb5 Nc5 17. Bb1 Nfd7 18. bxc6 Bxc6 19. Nxc6 Qxc6 20. Nd5 Rfe8
21. Nxe7+ Rxe7 22. Qg4 f6 23. Rfe1 Qb5 24. Qe2 Qxe2 25. Rxe2 d5 26. f3 dxe4 27.
fxe4 Rae8 28. Rce1 Ne5 29. Bxe5 Rxe5 30. Kf2 Nd3+ 31. Bxd3 1-0

[Event "27th 4NCL Congress"]
[Site "The Old Swan Harrogate, Swan R"]
[Date "2022.01.21"]
[Round "1.15"]
[White "Blower, Trevor R"]
[Black "Hynes, Thomas F"]
[Result "1-0"]
[WhiteElo "1591"]
[BlackElo "1336"]
[PlyCount "41"]
[EventDate "2022.01.21"]

1. f4 Nf6 2. Nf3 e6 3. g3 d5 4. Bg2 Bc5 5. c3 Nc6 6. d4 O-O 7. dxc5 Re8 8. O-O
Ne4 9. Qc2 Nxc5 10. Ng5 f5 11. Be3 Nd7 12. Nd2 Nf6 13. Rad1 b6 14. Bf2 Ba6 15.
Rfe1 Ng4 16. e4 fxe4 17. Ndxe4 Nf6 18. Nxf6+ Qxf6 19. Qxh7+ Kf8 20. Bxd5 exd5
21. Qh8# 1-0

[Event "27th 4NCL Congress"]
[Site "The Old Swan Harrogate, Swan R"]
[Date "2022.01.21"]
[Round "1.16"]
[White "Carey, Con"]
[Black "Halpin, David"]
[Result "1-0"]
[WhiteElo "1570"]
[BlackElo "1176"]
[PlyCount "63"]
[EventDate "2022.01.21"]

1. d4 g6 2. Nf3 Bg7 3. e4 d6 4. h3 Nd7 5. Be3 b6 6. Nc3 Bb7 7. Bb5 a6 8. Bd3 e6
9. a4 Ne7 10. O-O O-O 11. Qd2 f5 12. Bh6 fxe4 13. Nxe4 Nf5 14. Bxg7 Kxg7 15. b4
Nh4 16. Nxh4 Qxh4 17. Qg5 Qxg5 18. Nxg5 Rf6 19. Rae1 Re8 20. f4 h6 21. Ne4 Bxe4
22. Bxe4 Ref8 23. a5 bxa5 24. bxa5 Rxf4 25. Rxf4 Rxf4 26. c3 d5 27. Bd3 Rf6 28.
Bxa6 e5 29. Bc8 Rf7 30. Bxd7 Rxd7 31. dxe5 d4 32. e6 1-0

[Event "27th 4NCL Congress"]
[Site "The Old Swan Harrogate, Swan R"]
[Date "2022.01.21"]
[Round "1.17"]
[White "Collins, Steve"]
[Black "Jackson, Paul Robert"]
[Result "1/2-1/2"]
[WhiteElo "1174"]
[BlackElo "1563"]
[PlyCount "53"]
[EventDate "2022.01.21"]

1. d4 d5 2. Nf3 Nf6 3. Bf4 Bf5 4. e3 e6 5. c3 c6 6. Nbd2 Bd6 7. Ne5 Qc7 8. Ndf3
Nbd7 9. Bd3 Bg6 10. Bxg6 hxg6 11. Qe2 Ne4 12. O-O-O Nxe5 13. Nxe5 Nf6 14. g4
Nd7 15. Qf3 Nxe5 16. dxe5 Bxe5 17. Bxe5 Qxe5 18. h3 Qf6 19. Qg3 O-O-O 20. f4
Rde8 21. Rdf1 Qe7 22. h4 Qc7 23. h5 g5 24. Qf2 gxf4 25. exf4 f6 26. Qxa7 Kd7
27. Qe3 1/2-1/2

[Event "27th 4NCL Congress"]
[Site "The Old Swan Harrogate, Swan R"]
[Date "2022.01.21"]
[Round "1.18"]
[White "Jinks, Anthony"]
[Black "Merrifield, Peter"]
[Result "1-0"]
[WhiteElo "1562"]
[BlackElo "1109"]
[PlyCount "73"]
[EventDate "2022.01.21"]

1. d4 Nf6 2. c4 e6 3. Nc3 d5 4. cxd5 exd5 5. Bg5 Bb4 6. a3 Bxc3+ 7. bxc3 Nbd7
8. e3 O-O 9. Nf3 Re8 10. Bd3 c5 11. O-O c4 12. Bf5 g6 13. Bxd7 Bxd7 14. Ne5 Bb5
15. Qf3 Re6 16. Ng4 Kg7 17. Bxf6+ Rxf6 18. Qxf6+ Qxf6 19. Nxf6 Kxf6 20. Rab1
Ba6 21. Rfe1 Re8 22. f3 b6 23. e4 Bb7 24. exd5 Rd8 25. Re5 Kg7 26. Rb5 Kf8 27.
Rb1 f6 28. Re6 Kf7 29. Rbe1 Rd7 30. d6 Bc6 31. Re7+ Rxe7 32. Rxe7+ Kf8 33. Rxa7
h5 34. Rc7 Bd5 35. Kf2 b5 36. Rc5 Be6 37. Rxb5 1-0

[Event "27th 4NCL Congress"]
[Site "The Old Swan Harrogate, Swan R"]
[Date "2022.01.21"]
[Round "1.3"]
[White "Dickson, Kieran"]
[Black "Coleman, Patrick N"]
[Result "1/2-1/2"]
[WhiteElo "1686"]
[BlackElo "1531"]
[PlyCount "46"]
[EventDate "2022.01.21"]

1. d4 Nf6 2. c4 e6 3. Nc3 d5 4. cxd5 exd5 5. Bg5 c6 6. e3 Nbd7 7. Bd3 Bb4 8.
Nge2 h6 9. Bh4 O-O 10. O-O Qc7 11. a3 Be7 12. Qc2 Qd8 13. Rfe1 Nh5 14. Bxe7
Qxe7 15. e4 dxe4 16. Nxe4 Nhf6 17. N2g3 Nxe4 18. Bxe4 Qg5 19. Nf5 Nf6 20. Bd3
Bxf5 21. Bxf5 Rfe8 22. Qc5 Qd2 23. Qc3 Qg5 1/2-1/2

[Event "27th 4NCL Congress"]
[Site "The Old Swan Harrogate, Swan R"]
[Date "2022.01.22"]
[Round "2.1"]
[White "Buckell, David J"]
[Black "Patterson, Dave"]
[Result "1/2-1/2"]
[WhiteElo "1626"]
[BlackElo "1695"]
[PlyCount "92"]
[EventDate "2022.01.21"]

1. Nf3 Nf6 2. c4 g6 3. b3 Bg7 4. Bb2 O-O 5. e3 c6 6. Be2 d6 7. d4 Nbd7 8. Qc2
Re8 9. O-O Qc7 10. Nc3 a6 11. a4 Nf8 12. Rfd1 Bf5 13. e4 Bd7 14. h3 Nh5 15. Bc1
Ne6 16. Be3 Nef4 17. Bf1 e5 18. dxe5 dxe5 19. Rd2 f5 20. Qd1 Nf6 21. Bxf4 exf4
22. e5 Rxe5 23. Nxe5 Qxe5 24. Rc1 Be8 25. Qe2 Qa5 26. Rdc2 Bf7 27. Qd3 h5 28.
Be2 Re8 29. Rd1 Kh7 30. Qf3 g5 31. Bd3 Ne4 32. Nxe4 fxe4 33. Bxe4+ Kg8 34. Qd3
b5 35. axb5 axb5 36. cxb5 cxb5 37. Rc5 Qb4 38. Bh7+ Kh8 39. Rc7 Qxb3 40. Qxb3
Bxb3 41. Rdd7 Kxh7 42. Rxg7+ Kh6 43. Rgd7 Re6 44. Rh7+ Kg6 45. Rcg7+ Kf6 46.
Rc7 Kg6 1/2-1/2

[Event "27th 4NCL Congress"]
[Site "The Old Swan Harrogate, Swan R"]
[Date "2022.01.22"]
[Round "2.2"]
[White "Maher, Mike P"]
[Black "Blower, Trevor R"]
[Result "1-0"]
[WhiteElo "1692"]
[BlackElo "1591"]
[PlyCount "63"]
[EventDate "2022.01.21"]

1. d4 f5 2. g3 Nf6 3. Bg2 g6 4. Nf3 Bg7 5. O-O O-O 6. c4 c6 7. Nc3 Qc7 8. Re1
d6 9. e4 fxe4 10. Ng5 Bg4 11. Qb3 h6 12. Ngxe4 Nxe4 13. Nxe4 Nd7 14. h3 Be6 15.
d5 cxd5 16. cxd5 Nc5 17. Nxc5 Qxc5 18. Be3 Bd4 19. dxe6 Bxe3 20. Qxe3 Qxe3 21.
Rxe3 a5 22. Rc1 Rac8 23. Rec3 Rxc3 24. Rxc3 Rf6 25. Bxb7 Kf8 26. Rf3 Rxf3 27.
Bxf3 Kg7 28. Bd5 Kf6 29. f4 Kf5 30. Kf2 g5 31. Kf3 h5 32. b3 1-0

[Event "27th 4NCL Congress"]
[Site "The Old Swan Harrogate, Swan R"]
[Date "2022.01.22"]
[Round "2.3"]
[White "Lee, Jordan"]
[Black "Carey, Con"]
[Result "1/2-1/2"]
[WhiteElo "1683"]
[BlackElo "1570"]
[PlyCount "70"]
[EventDate "2022.01.21"]

1. e4 g6 2. d4 Bg7 3. Nc3 c6 4. Bd3 d5 5. e5 Nh6 6. Nge2 c5 7. dxc5 Nc6 8. Bb5
Be6 9. Nd4 Qc7 10. O-O O-O 11. Nxe6 fxe6 12. f4 Nf5 13. Ne2 a5 14. g4 Nh6 15.
Bxc6 Qxc6 16. Nd4 Qxc5 17. Be3 Qc8 18. Qd3 Nxg4 19. Rac1 Nxe3 20. Qxe3 Ra6 21.
a4 Qc5 22. b3 Kh8 23. c4 Bh6 24. Kh1 Rd8 25. Rfd1 Rf8 26. Qh3 Bxf4 27. Nxe6
Rxe6 28. Qxe6 Qe3 29. Qxd5 Qf2 30. Qg2 Bxc1 31. Rxc1 Qe3 32. Rf1 Rxf1+ 33. Qxf1
Qe4+ 34. Kg1 Kg7 35. Qg2 Qe1+ 1/2-1/2

[Event "27th 4NCL Congress"]
[Site "The Old Swan Harrogate, Swan R"]
[Date "2022.01.22"]
[Round "2.4"]
[White "Bullock, Lee"]
[Black "Vdovycia, Titas"]
[Result "1-0"]
[WhiteElo "1583"]
[BlackElo "1667"]
[PlyCount "51"]
[EventDate "2022.01.21"]

1. d3 d5 2. Nd2 e5 3. e4 Nf6 4. Be2 Be6 5. Ngf3 Nbd7 6. c3 dxe4 7. dxe4 Bd6 8.
Ng5 Nf8 9. Nxe6 Nxe6 10. Nf3 Nxe4 11. Qa4+ Qd7 12. Qxe4 Nc5 13. Qc2 O-O-O 14.
Be3 e4 15. Nd4 f5 16. h3 h6 17. Nxf5 Kb8 18. Nxd6 Qxd6 19. Bxc5 Qxc5 20. Rd1
Rdf8 21. O-O e3 22. f4 Rf7 23. b4 Qb6 24. Qd3 a6 25. Qd4 Qe6 26. Bc4 1-0

[Event "27th 4NCL Congress"]
[Site "The Old Swan Harrogate, Swan R"]
[Date "2022.01.22"]
[Round "2.5"]
[White "Oliver, Peter J R"]
[Black "Jinks, Anthony"]
[Result "1/2-1/2"]
[WhiteElo "1659"]
[BlackElo "1562"]
[PlyCount "101"]
[EventDate "2022.01.21"]

1. Nf3 e6 2. d4 f5 3. c4 Nf6 4. Nc3 Be7 5. e3 O-O 6. Bd3 d5 7. O-O Nc6 8. a3
Ne4 9. Qc2 Bf6 10. b4 Nxc3 11. Qxc3 Ne7 12. Bb2 c6 13. Qd2 Bd7 14. Rac1 g5 15.
h3 Ng6 16. cxd5 cxd5 17. Qe2 a5 18. Bc3 axb4 19. Bxb4 Re8 20. Rc3 e5 21. dxe5
Nxe5 22. Nxe5 Bxe5 23. Rcc1 Be6 24. Bb5 Bd7 25. a4 d4 26. Rcd1 Bxb5 27. Qxb5
Qf6 28. exd4 Bf4 29. Ra1 Rab8 30. Qc4+ Qf7 31. Qxf7+ Kxf7 32. g3 Bc7 33. Rac1
Rbc8 34. d5 Be5 35. d6 Rxc1 36. Rxc1 Ke6 37. Rc7 Bxd6 38. Bxd6 Kxd6 39. Rxb7
Re1+ 40. Kg2 h5 41. Rh7 g4 42. h4 Ra1 43. Rxh5 Ke5 44. Rh8 Rxa4 45. h5 Kf6 46.
h6 Ra7 47. h7 Rf7 48. f3 Kg7 49. Rc8 gxf3+ 50. Kxf3 Kxh7 51. Kf4 1/2-1/2

[Event "27th 4NCL Congress"]
[Site "The Old Swan Harrogate, Swan R"]
[Date "2022.01.22"]
[Round "2.7"]
[White "Belinger, John"]
[Black "Mildenhall, Steven"]
[Result "1-0"]
[WhiteElo "1647"]
[BlackElo "1386"]
[PlyCount "63"]
[EventDate "2022.01.21"]

1. e4 c5 2. Nf3 e6 3. d4 cxd4 4. Nxd4 Nc6 5. Nc3 Qc7 6. Be3 a6 7. Qf3 Ne5 8.
Qg3 h5 9. f4 h4 10. Qf2 Ng4 11. Qf3 Nxe3 12. Qxe3 Bb4 13. Be2 Nf6 14. Nb3 Bxc3+
15. bxc3 d5 16. e5 Ne4 17. c4 Bd7 18. cxd5 exd5 19. O-O Rc8 20. Bd3 h3 21. g3
Qc3 22. Qd4 Qc6 23. c4 Bf5 24. cxd5 Qg6 25. Bxe4 Bxe4 26. d6 Rc2 27. Rf2 Qxg3+
28. hxg3 h2+ 29. Rxh2 Rhxh2 30. Qxe4 Rhe2 31. Qxb7 Rg2+ 32. Qxg2 1-0

[Event "27th 4NCL Congress"]
[Site "The Old Swan Harrogate, Swan R"]
[Date "2022.01.22"]
[Round "2.8"]
[White "Horspool, Ben"]
[Black "Llewellyn, Alan M"]
[Result "1/2-1/2"]
[WhiteElo "1478"]
[BlackElo "1629"]
[PlyCount "54"]
[EventDate "2022.01.21"]

1. d4 Nf6 2. Bf4 c6 3. c3 Nh5 4. Bg5 h6 5. Bh4 g5 6. Bg3 Nxg3 7. hxg3 d5 8. e3
Bf5 9. Nf3 Bg7 10. Bd3 Be4 11. Qc2 Qb6 12. Bxe4 dxe4 13. Ne5 Bxe5 14. dxe5 Nd7
15. e6 Nc5 16. exf7+ Kxf7 17. O-O Nd3 18. b3 Qc5 19. Nd2 Qe5 20. Rad1 Rad8 21.
Nc4 Qc5 22. Rd2 b5 23. Nb2 Nxb2 24. Qxb2 Rxd2 25. Qxd2 Qd5 26. Qxd5+ cxd5 27.
Rd1 e6 1/2-1/2

[Event "27th 4NCL Congress"]
[Site "The Old Swan Harrogate, Swan R"]
[Date "2022.01.22"]
[Round "2.9"]
[White "Watson, Andrew"]
[Black "Dickson, Kieran"]
[Result "0-1"]
[WhiteElo "1558"]
[BlackElo "1686"]
[PlyCount "118"]
[EventDate "2022.01.21"]

1. d4 d5 2. Bf4 c5 3. e3 Nc6 4. Nc3 Bf5 5. a3 e6 6. Nf3 Nf6 7. Nb5 Rc8 8. dxc5
Bxc5 9. b4 Bb6 10. Nd6+ Ke7 11. Nxc8+ Qxc8 12. Bd3 Bg6 13. Nh4 Bh5 14. Be2 Bg6
15. c4 Bc7 16. Bg5 Be5 17. Rc1 Bb2 18. Nxg6+ hxg6 19. cxd5 Bxc1 20. Qxc1 exd5
21. Qc5+ Ke6 22. Bxf6 gxf6 23. e4 dxe4 24. Bc4+ Kd7 25. O-O Rh5 26. Rd1+ Ke8
27. Qd6 a6 28. Qxf6 Qc7 29. f4 exf3 30. Re1+ Kf8 31. g3 Qd7 32. Ba2 f2+ 33.
Qxf2 Ne5 34. Rf1 Kg8 35. Qe2 Qd4+ 36. Qf2 Nf3+ 37. Kh1 Rxh2+ 38. Qxh2 Nxh2 39.
Bxf7+ Kh8 40. Kxh2 Qd2+ 41. Kh3 Qd3 42. Rf4 g5 43. Rg4 Qh7+ 44. Kg2 Qxf7 45.
Re4 Qc7 46. Kf3 Kg7 47. Kg4 Kf6 48. Re1 Qc4+ 49. Kh3 Qc3 50. Rf1+ Kg6 51. Rd1
Qxa3 52. Rd8 Qxb4 53. Rg8+ Kf6 54. Rh8 a5 55. Rh6+ Kg7 56. Rh5 g4+ 57. Kh4 a4
58. Rg5+ Kf6 59. Rxg4 Qxg4+ 0-1

[Event "27th 4NCL Congress"]
[Site "The Old Swan Harrogate, Swan R"]
[Date "2022.01.22"]
[Round "2.10"]
[White "Salisbury, Paul"]
[Black "McKay, Ruairidh"]
[Result "1-0"]
[WhiteElo "1662"]
[BlackElo "1531"]
[PlyCount "67"]
[EventDate "2022.01.21"]

1. e4 e5 2. d4 exd4 3. Qxd4 Nc6 4. Qe3 b6 5. Bd2 Bb7 6. Nc3 g6 7. Bc4 Ne5 8.
Be2 Bg7 9. O-O-O a6 10. f4 Nc6 11. Qg3 Nge7 12. Nf3 d6 13. Ng5 h6 14. Nf3 Qd7
15. Qe1 O-O-O 16. Qf1 a5 17. Bb5 Qe8 18. Re1 Qf8 19. a3 Nd4 20. Ba6 Nxf3 21.
Bxb7+ Kxb7 22. Qxf3 Kb8 23. Qd3 Nc8 24. Nd5 f5 25. Qb3 fxe4 26. Rxe4 Na7 27.
Bxa5 Qf5 28. Re7 Bd4 29. Rxc7 Qxd5 30. Qxd5 Be3+ 31. Kb1 Kxc7 32. Bc3 Rhg8 33.
Re1 Bxf4 34. Re7+ 1-0

[Event "27th 4NCL Congress"]
[Site "The Old Swan Harrogate, Swan R"]
[Date "2022.01.22"]
[Round "2.11"]
[White "Sartain, Patrick P"]
[Black "Pointon, Mike"]
[Result "0-1"]
[WhiteElo "1556"]
[BlackElo "1650"]
[PlyCount "50"]
[EventDate "2022.01.21"]

1. e4 c5 2. f4 d5 3. e5 Nc6 4. c3 e6 5. Nf3 Nge7 6. Be2 Nf5 7. O-O Be7 8. Kh1
Bd7 9. g3 O-O 10. d4 cxd4 11. cxd4 Rc8 12. g4 Nh6 13. Rg1 f6 14. exf6 gxf6 15.
g5 fxg5 16. fxg5 Nf5 17. g6 h6 18. Bf4 Bf6 19. Ne5 Nxe5 20. Bxe5 Bxe5 21. dxe5
Qc7 22. Bh5 Qxe5 23. Nd2 Bc6 24. Qg4 d4+ 25. Nf3 Ng7 0-1

[Event "27th 4NCL Congress"]
[Site "The Old Swan Harrogate, Swan R"]
[Date "2022.01.22"]
[Round "2.12"]
[White "Coleman, Patrick N"]
[Black "Edgar, Barry"]
[Result "1/2-1/2"]
[WhiteElo "1531"]
[BlackElo "1615"]
[PlyCount "45"]
[EventDate "2022.01.21"]

1. d4 Nf6 2. c4 c5 3. e3 g6 4. Nf3 Bg7 5. Nc3 O-O 6. Be2 cxd4 7. exd4 d5 8. Be3
Nc6 9. O-O e6 10. Rc1 b6 11. Qd2 Bb7 12. b3 Rc8 13. Bg5 Qd7 14. Bxf6 Bxf6 15.
cxd5 exd5 16. Bb5 a6 17. Be2 b5 18. Rfe1 Qd6 19. Bf1 Rfe8 20. g3 Re6 21. Bh3
Rxe1+ 22. Rxe1 Rd8 23. Bg2 1/2-1/2

[Event "27th 4NCL Congress"]
[Site "The Old Swan Harrogate, Swan R"]
[Date "2022.01.22"]
[Round "2.13"]
[White "Egan, William J"]
[Black "Howe, Daniel"]
[Result "1/2-1/2"]
[WhiteElo "1599"]
[BlackElo "1512"]
[PlyCount "53"]
[EventDate "2022.01.21"]

1. d4 Nf6 2. Bf4 e6 3. e3 b6 4. Nd2 Bb7 5. Ngf3 Be7 6. h3 O-O 7. Be2 d5 8. O-O
Nbd7 9. c3 c5 10. Rc1 c4 11. b3 cxb3 12. Qxb3 a6 13. c4 dxc4 14. Bxc4 b5 15.
Bd3 Bd5 16. Qb1 Ra7 17. Rc2 Qa8 18. Rfc1 Ba3 19. Rd1 Rc8 20. Rxc8+ Qxc8 21. Bh2
Nb6 22. Ne5 Na4 23. Re1 Nc3 24. Qc2 Rc7 25. Nb3 Nce4 26. Qb1 Nc3 27. Qc2
1/2-1/2

[Event "27th 4NCL Congress"]
[Site "The Old Swan Harrogate, Swan R"]
[Date "2022.01.22"]
[Round "2.14"]
[White "Kirilenkovs, Juris"]
[Black "Hollyman, Mike"]
[Result "1-0"]
[WhiteElo "1248"]
[BlackElo "1598"]
[PlyCount "45"]
[EventDate "2022.01.21"]

1. e4 d5 2. d3 dxe4 3. Nc3 exd3 4. Qxd3 Qxd3 5. Bxd3 Nc6 6. Bf4 e5 7. Bg3 Nge7
8. O-O-O Be6 9. Nge2 Ng6 10. f4 f5 11. Bb5 Bd6 12. Bxc6+ bxc6 13. fxe5 Nxe5 14.
Nd4 Kf7 15. Rhe1 Kf6 16. Nxc6 Nxc6 17. Bxd6 Rhe8 18. Bxc7 Rac8 19. Bf4 Nb4 20.
Be5+ Kf7 21. a3 Nc6 22. Bf4 Ne7 23. Nb5 1-0

[Event "27th 4NCL Congress"]
[Site "The Old Swan Harrogate, Swan R"]
[Date "2022.01.22"]
[Round "2.15"]
[White "Foy, Jeff"]
[Black "Duffell, Andrew"]
[Result "1-0"]
[WhiteElo "1409"]
[BlackElo "1595"]
[PlyCount "67"]
[EventDate "2022.01.21"]

1. d4 Nf6 2. Nf3 d5 3. Bf4 c5 4. e3 e6 5. c3 Nc6 6. Bd3 Bd6 7. Bg3 cxd4 8. exd4
Qc7 9. Bxd6 Qxd6 10. O-O h6 11. Re1 O-O 12. Nbd2 Re8 13. Ne5 Qc7 14. f4 Nxe5
15. fxe5 Nd7 16. Qh5 Nf8 17. Re3 Qe7 18. Rg3 Bd7 19. Qxh6 Ng6 20. Rxg6 fxg6 21.
Qxg6 Qf7 22. Qh7+ Kf8 23. Rf1 Qxf1+ 24. Kxf1 Ke7 25. Qxg7+ Kd8 26. Bg6 Re7 27.
Qf8+ Be8 28. Bxe8 Rxe8 29. Qd6+ Kc8 30. Nb3 Rd8 31. Qxe6+ Kc7 32. Nc5 a5 33.
Qe7+ Kb6 34. Qxb7# 1-0

[Event "27th 4NCL Congress"]
[Site "The Old Swan Harrogate, Swan R"]
[Date "2022.01.22"]
[Round "2.17"]
[White "Weller, Colin"]
[Black "Collins, Steve"]
[Result "1-0"]
[WhiteElo "1598"]
[BlackElo "1174"]
[PlyCount "61"]
[EventDate "2022.01.21"]

1. e4 c6 2. d3 d5 3. exd5 cxd5 4. Nf3 Bf5 5. Nbd2 e6 6. Be2 Nf6 7. Nf1 Bd6 8.
Bg5 Nbd7 9. c3 O-O 10. d4 Qb6 11. Bc1 Rac8 12. Ne3 Bg4 13. Nxg4 Nxg4 14. h3
Ngf6 15. O-O Rfe8 16. Re1 e5 17. dxe5 Nxe5 18. Nxe5 Bxe5 19. Bf3 Rcd8 20. Kf1
d4 21. cxd4 Bxd4 22. Rxe8+ Rxe8 23. Qc2 Qe6 24. Bd2 Ne4 25. Bxe4 Qxe4 26. Re1
Qxe1+ 27. Bxe1 h6 28. Bc3 Bc5 29. Qf5 Bd6 30. Qd7 Re6 31. Qxb7 1-0

[Event "27th 4NCL Congress"]
[Site "The Old Swan Harrogate, Swan R"]
[Date "2022.01.22"]
[Round "2.18"]
[White "Goldsmith, Jennifer"]
[Black "Merry, John D"]
[Result "0-1"]
[WhiteElo "1428"]
[BlackElo "1660"]
[PlyCount "91"]
[EventDate "2022.01.21"]

1. d4 Nf6 2. Nf3 g6 3. Bf4 Bg7 4. Nbd2 d6 5. e4 O-O 6. Bd3 Nbd7 7. O-O c5 8. c3
a6 9. a4 cxd4 10. cxd4 Re8 11. Re1 e5 12. dxe5 dxe5 13. Be3 Ng4 14. Bg5 f6 15.
Bh4 Nc5 16. Be2 Be6 17. h3 Nh6 18. Bc4 Qb6 19. Qc2 Rac8 20. Rab1 Red8 21. Bxe6+
Nxe6 22. Qb3 Qxb3 23. Nxb3 Rd3 24. Nbd2 Nd4 25. Kh1 g5 26. Bg3 Nf7 27. Rec1 Nd6
28. Rxc8+ Nxc8 29. Rc1 Nd6 30. Rc7 Nxf3 31. Nxf3 Rb3 32. h4 g4 33. Nh2 h5 34.
f3 Rxb2 35. Rc1 Bh6 36. Rd1 Rb4 37. Nf1 Rd4 38. Ra1 Nc4 39. Bf2 Rd3 40. Rb1
gxf3 41. gxf3 Rxf3 42. Kg2 Rf4 43. Ng3 Rxh4 44. Nf5 Rg4+ 45. Kf3 Nd2+ 46. Ke2
0-1

[Event "27th 4NCL Congress"]
[Site "The Old Swan Harrogate, Swan R"]
[Date "2022.01.22"]
[Round "2.19"]
[White "Wright, George A"]
[Black "Meredith, Daniel"]
[Result "1-0"]
[WhiteElo "1551"]
[BlackElo "1440"]
[PlyCount "27"]
[EventDate "2022.01.21"]

1. b3 e5 2. Bb2 Nc6 3. e3 d5 4. Bb5 Bd6 5. c4 Nge7 6. Nf3 Bg4 7. h3 Bxf3 8.
Qxf3 dxc4 9. Bxc4 O-O 10. a3 Qd7 11. Nc3 Rfe8 12. Ne4 Nf5 13. Qg4 Rad8 14. Nf6+
1-0

[Event "27th 4NCL Congress"]
[Site "The Old Swan Harrogate, Swan R"]
[Date "2022.01.22"]
[Round "2.20"]
[White "Hynes, Thomas F"]
[Black "Herd, Ewan"]
[Result "0-1"]
[WhiteElo "1336"]
[BlackElo "1542"]
[PlyCount "62"]
[EventDate "2022.01.21"]

1. e4 c6 2. d4 d5 3. Nc3 dxe4 4. Nxe4 Bf5 5. Ng3 Bg6 6. Nf3 Nf6 7. h4 h6 8. h5
Bh7 9. Bd3 Bxd3 10. Qxd3 e6 11. Bf4 Nbd7 12. Ne5 Nd5 13. Bd2 Nxe5 14. dxe5 Qb6
15. Qb3 Bc5 16. Qxb6 Nxb6 17. b3 Bd4 18. Rd1 Bxe5 19. Ne4 Nd5 20. g3 O-O-O 21.
f4 Bc7 22. c4 Ne7 23. Kf2 Rd4 24. Rhe1 Rhd8 25. Re2 Ng8 26. Ke1 Ba5 27. Kf2
Rxe4 28. Bxa5 Rxd1 29. Rxe4 Nf6 30. Re5 b6 31. Bc3 Rd3 0-1

[Event "27th 4NCL Congress"]
[Site "The Old Swan Harrogate, Swan R"]
[Date "2022.01.22"]
[Round "2.21"]
[White "Halpin, David"]
[Black "Farrow, Ian"]
[Result "1/2-1/2"]
[WhiteElo "1176"]
[BlackElo "1531"]
[PlyCount "59"]
[EventDate "2022.01.21"]

1. c4 e5 2. Nc3 f5 3. d3 Nf6 4. a3 c5 5. e3 Nc6 6. g3 Be7 7. Bg2 O-O 8. Nge2
Ne8 9. Nd5 Nc7 10. O-O Nxd5 11. Bxd5+ Kh8 12. f4 d6 13. Qd2 Bf6 14. Bxc6 bxc6
15. fxe5 dxe5 16. Nc3 Qe7 17. e4 f4 18. gxf4 exf4 19. Rxf4 Bd4+ 20. Kh1 Bh3 21.
Ne2 Qe5 22. Nxd4 cxd4 23. Qf2 Rf6 24. Rxf6 gxf6 25. Qh4 Qe6 26. Bh6 Rg8 27. Rg1
Rxg1+ 28. Kxg1 Qg8+ 29. Qg3 Qxg3+ 30. hxg3 1/2-1/2

[Event "27th 4NCL Congress"]
[Site "The Old Swan Harrogate, Swan R"]
[Date "2022.01.22"]
[Round "2.22"]
[White "Ashworth, Steven M"]
[Black "Cockerill, Martin K"]
[Result "1-0"]
[WhiteElo "1528"]
[BlackElo "1412"]
[PlyCount "72"]
[EventDate "2022.01.21"]

1. e4 e6 2. Nf3 d5 3. e5 c5 4. b4 cxb4 5. d4 Qb6 6. a3 bxa3 7. c3 Nc6 8. Bd3 f6
9. O-O fxe5 10. dxe5 Bc5 11. Bxa3 Bxa3 12. Nxa3 Nge7 13. Nb5 Nf5 14. Rb1 Qd8
15. Re1 a6 16. Bxf5 axb5 17. Bd3 Ra2 18. h4 Qb6 19. Re2 Rxe2 20. Qxe2 Qc7 21.
Bxb5 O-O 22. Bd3 h6 23. Re1 Qa5 24. g4 Qxc3 25. g5 Rxf3 26. Qxf3 Qxe1+ 27. Kg2
hxg5 28. Qh5 Bd7 29. Qh7+ Kf7 30. Bg6+ Ke7 31. Qxg7+ Kd8 32. Qf8+ Kc7 33. Qd6+
Kb6 34. Qxd7 Qxe5 35. Qh7 gxh4 36. Qxh4 Qf6 1-0

[Event "27th 4NCL Congress"]
[Site "The Old Swan Harrogate, Swan R"]
[Date "2022.01.22"]
[Round "2.23"]
[White "Merrifield, Peter"]
[Black "Goodwin, Theo"]
[Result "1/2-1/2"]
[WhiteElo "1109"]
[BlackElo "1467"]
[PlyCount "40"]
[EventDate "2022.01.21"]

1. e4 d5 2. exd5 Nf6 3. Nf3 Nxd5 4. d4 Bf5 5. c4 Nf6 6. Nc3 e6 7. Be2 Bb4 8.
Bd2 O-O 9. O-O c5 10. a3 cxd4 11. axb4 dxc3 12. Bxc3 Qxd1 13. Rfxd1 Nbd7 14. b3
a6 15. h3 Rad8 16. Ne5 Nxe5 17. Rxd8 Rxd8 18. Bxe5 Rd2 19. Bf3 Ne4 20. g4 Rxf2
1/2-1/2

[Event "27th 4NCL Congress"]
[Site "The Old Swan Harrogate, Swan R"]
[Date "2022.01.22"]
[Round "2.6"]
[White "Mitchell, Ian"]
[Black "Webster, Vivien"]
[Result "1/2-1/2"]
[WhiteElo "1553"]
[BlackElo "1656"]
[PlyCount "49"]
[EventDate "2022.01.21"]

1. d4 f5 2. c4 Nf6 3. Nc3 e6 4. e3 Be7 5. Bd3 O-O 6. Nf3 b6 7. O-O Bb7 8. Be2
d5 9. Ng5 Qd7 10. Nf3 Nc6 11. cxd5 Nxd5 12. Nxd5 exd5 13. a3 a6 14. Qc2 Bd6 15.
Bd3 Ne7 16. Bd2 Rac8 17. b4 b5 18. Qd1 Rf6 19. g3 h6 20. Ne1 Qe8 21. f4 Kh8 22.
Nf3 Ng6 23. Qc2 Ne7 24. Nh4 Qh5 25. Qd1 1/2-1/2